[Event "Astrakhan Gazprombank-A"]
[Site "Astrakhan"]
[Date "2013.03.09"]
[Round "8"]
[White "Aliev, Vladislav"]
[Black "Tarasova, Viktoriya"]
[Result "1/2-1/2"]
[WhiteElo "2139"]
[BlackElo "2273"]
[PlyCount "129"]
[EventDate "2013.03.02"]
[EventType "tourn"]
[EventRounds "9"]
[EventCountry "RUS"]
[EventCategory "2"]
[SourceTitle "CBM 153 Extra"]
[Source "ChessBase"]
[SourceDate "2013.04.22"]
[SourceVersion "1"]
[SourceVersionDate "2013.04.22"]
[SourceQuality "1"]

1. e4 e5 2. Nf3 Nc6 3. Nc3 Nf6 4. d4 exd4 5. Nxd4 Bb4 6. Nxc6 bxc6 7. Bd3 0-0 8. 0-0 Re8 9. Bg5 h6 10. Bh4 d6 11. Re1 Rb8 12. h3 Bc5 13. e5 dxe5 14. Rxe5 Qd4 15. Rxe8+ Nxe8 16. Ne4 Rxb2 17. Qh5 Bb4 18. Rd1 Qd5 19. Ng5 Nf6 20. Bh7+ Kf8 21. Qe2 Ba6 22. Bd3 hxg5 23. Bxa6 Qe4 24. Bxg5 Qxe2 25. Bxe2 Rxc2 26. Bf3 Bc5 27. Rd2 Rxd2 28. Bxd2 Nd5 29. h4 f5 30. h5 Kf7 31. g3 Bd4 32. Kg2 Ke6 33. Bd1 c5 34. Bb3 Ke5 35. Kf3 Kd6 36. Bf4+ Be5 37. Bg5 Nb6 38. Bc2 Ke6 39. Be3 Bd6 40. Ke2 Kf6 41. f4 Ke6 42. Bd2 Be7 43. Be3 c4 44. Bd4 Bf6 45. Bc5 a6 46. Kd2 Nd5 47. a3 Bc3+ 48. Ke2 Nf6 49. Kf3 c6 50. Bf8 Nxh5 51. Ba4 Be1 52. g4 fxg4+ 53. Kxg4 Nf6+ 54. Kf3 Kf7 55. Bc5 c3 56. Ke2 Bd2 57. f5 Nd7 58. Bd4 c5 59. Bxd7 cxd4 60. Kd3 Kf6 61. a4 a5 62. Bc8 Ke5 63. Bd7 Kd5 64. Be6+ Kc5 65. Bb3 1/2-1/2

[Event "Astrakhan Ritminform Cup-B"]
[Site "Astrakhan"]
[Date "2013.01.13"]
[Round "9"]
[White "Ibragimov, Timur"]
[Black "Aliev, Vladislav"]
[Result "1/2-1/2"]
[WhiteElo "1744"]
[BlackElo "2130"]
[PlyCount "116"]
[EventDate "2013.01.04"]
[EventType "swiss"]
[EventRounds "9"]
[EventCountry "RUS"]
[SourceTitle "EXT 2014"]
[Source "ChessBase"]
[SourceDate "2013.11.20"]
[SourceVersion "1"]
[SourceVersionDate "2013.11.20"]
[SourceQuality "1"]

1. e4 c5 2. c4 Nc6 3. Nc3 g6 4. g3 Bg7 5. Bg2 e6 6. Nge2 Nge7 7. 0-0 0-0 8. d3 d6 9. Be3 Nd4 10. Rb1 Nec6 11. a3 Rb8 12. b4 b6 13. Qd2 Nxe2+ 14. Nxe2 Nd4 15. Nxd4 cxd4 16. Bh6 e5 17. Bxg7 Kxg7 18. f4 f6 19. h3 Bd7 20. b5 Qc7 21. Qb4 Qc5 22. Qxc5 dxc5 23. a4 Rf7 24. fxe5 fxe5 25. Rxf7+ Kxf7 26. Rf1+ Ke7 27. Kh2 a6 28. Rf2 g5 29. g4 axb5 30. axb5 Ra8 31. Rd2 Be6 32. Bf1 Ra3 33. Kg2 Ra1 34. Be2 Kf6 35. Kf2 Ra3 36. Kg2 Kg7 37. Kh2 h6 38. Kg2 Bf7 39. Kh2 h5 40. Kg2 Kh6 41. Kh2 Bg6 42. Kg2 hxg4 43. hxg4 Kg7 44. Kf2 Bf7 45. Kg2 Be6 46. Kf2 Ra1 47. Kg2 Kf6 48. Rb2 Ke7 49. Kf2 Ra3 50. Rd2 Kd6 51. Kg2 Ra1 52. Kf2 Bd7 53. Rd1 Ra2 54. Rg1 Be6 55. Kf3 Ke7 56. Rh1 Kd6 57. Rh6 Ra8 58. Rg6 Rg8 1/2-1/2

[Event "Astrakhan Ritminform Cup-B"]
[Site "Astrakhan"]
[Date "2013.01.08"]
[Round "4"]
[White "Hryashev, Denis"]
[Black "Aliev, Vladislav"]
[Result "0-1"]
[WhiteElo "1970"]
[BlackElo "2130"]
[PlyCount "52"]
[EventDate "2013.01.04"]
[EventType "swiss"]
[EventRounds "9"]
[EventCountry "RUS"]
[SourceTitle "EXT 2014"]
[Source "ChessBase"]
[SourceDate "2013.11.20"]
[SourceVersion "1"]
[SourceVersionDate "2013.11.20"]
[SourceQuality "1"]

1. e4 c5 2. Nf3 Nc6 3. d4 cxd4 4. Nxd4 g6 5. Be3 Bg7 6. Nc3 Nf6 7. f3 0-0 8. Qd2 d5 9. Nxd5 Nxd5 10. exd5 Qxd5 11. Nxc6 Qxc6 12. 0-0-0 Bf5 13. g4 Rad8 14. Qe2 Rxd1+ 15. Qxd1 Bxg4 16. Be2 Bf5 17. h4 Rc8 18. Bd3 Rd8 19. Kb1 Bxd3 20. cxd3 Qd5 21. Re1 e6 22. Qe2 Qxd3+ 23. Qxd3 Rxd3 24. Bxa7 Rd2 25. b4 Rb2+ 26. Kc1 Rxa2 0-1

[Event "Astrakhan Ritminform Cup-B"]
[Site "Astrakhan"]
[Date "2013.01.05"]
[Round "2"]
[White "Akopov, Victor"]
[Black "Aliev, Vladislav"]
[Result "0-1"]
[WhiteElo "1776"]
[BlackElo "2130"]
[PlyCount "46"]
[EventDate "2013.01.04"]
[EventType "swiss"]
[EventRounds "9"]
[EventCountry "RUS"]
[SourceTitle "EXT 2014"]
[Source "ChessBase"]
[SourceDate "2013.11.20"]
[SourceVersion "1"]
[SourceVersionDate "2013.11.20"]
[SourceQuality "1"]

1. Nf3 c5 2. c4 g6 3. g3 Bg7 4. Nc3 Nc6 5. Bg2 e6 6. 0-0 Nge7 7. e3 0-0 8. d4 cxd4 9. exd4 d5 10. cxd5 Nxd5 11. Re1 Nde7 12. Be3 Nf5 13. Ne2 Nxe3 14. fxe3 Qb6 15. Qb3 Qxb3 16. axb3 Nb4 17. Rec1 Bh6 18. Rc3 Nd5 19. e4 Nxc3 20. bxc3 f6 21. e5 Bd7 22. exf6 Be3+ 23. Kh1 Bc6 0-1

[Event "Astrakhan op"]
[Site "Astrakhan"]
[Date "2011.08.18"]
[Round "2.14"]
[White "Karavaev, Eduard"]
[Black "Aliev, Vladislav"]
[Result "0-1"]
[WhiteElo "2149"]
[BlackElo "2182"]
[PlyCount "70"]
[EventDate "2011.08.17"]
[EventType "swiss"]
[EventRounds "9"]
[EventCountry "RUS"]
[SourceTitle "EXT 2022"]
[Source "ChessBase"]
[SourceDate "2021.10.06"]
[SourceVersion "1"]
[SourceVersionDate "2021.10.06"]
[SourceQuality "1"]

1. c4 e5 2. Nc3 Nf6 3. Nf3 Nc6 4. e3 d5 5. cxd5 Nxd5 6. Nxd5 Qxd5 7. d3 Be7 8. Be2 0-0 9. 0-0 Be6 10. Bd2 Rad8 11. Qc2 Bg4 12. Bc3 f6 13. Rfd1 Kh8 14. d4 e4 15. Ne1 Bxe2 16. Qxe2 f5 17. g3 Bd6 18. Ng2 a5 19. a3 Ra8 20. Nf4 Bxf4 21. gxf4 g5 22. fxg5 Rg8 23. h4 f4 24. Qh5 Ne7 25. Rac1 f3 26. Kh1 b5 27. b4 axb4 28. Bxb4 Qe6 29. Kh2 Nd5 30. Rg1 Nxb4 31. Rxc7 Qd6+ 32. Kh3 Qxc7 33. axb4 Ra2 34. g6 Qd7+ 35. Kg3 Rxg6+ 0-1

[Event "AZE-chT"]
[Site "Baku"]
[Date "2000.??.??"]
[Round "?"]
[White "Aliev, Vladislav"]
[Black "Karimov, Hafis"]
[Result "1-0"]
[WhiteElo "2240"]
[BlackElo "2173"]
[PlyCount "121"]
[EventDate "2000.??.??"]
[EventType "team"]
[EventRounds "9"]
[EventCountry "AZE"]
[SourceTitle "EXT 2002"]
[Source "ChessBase"]
[SourceDate "2001.11.25"]
[SourceVersion "1"]
[SourceVersionDate "2001.11.25"]
[SourceQuality "1"]

1. c4 Nf6 2. Nc3 g6 3. g3 Bg7 4. Bg2 0-0 5. e3 c5 6. Nge2 Nc6 7. 0-0 Rb8 8. Rb1 a6 9. d4 Qa5 10. Bd2 b5 11. Nxb5 Qxa2 12. b3 Nb4 13. Ra1 Qc2 14. Bxb4 Qxd1 15. Rfxd1 axb5 16. Bxc5 bxc4 17. Bxe7 cxb3 18. Bd6 Rb6 19. Bc5 Rb8 20. Bxf8 b2 21. Bd6 bxa1Q 22. Rxa1 Rb6 23. Bc5 Rb8 24. Be7 h5 25. h4 Kh7 26. Nf4 Rb2 27. Nd3 Rb8 28. Ne5 Kg8 29. Bd6 Rb6 30. Nc4 Ra6 31. Rb1 Ne8 32. Bc5 d6 33. Rb8 dxc5 34. Rxc8 Kf8 35. Bc6 Rxc6 36. Rxc6 cxd4 37. e4 d3 38. Kf1 Nf6 39. f3 Ne8 40. e5 Ke7 41. f4 Kd7 42. Rb6 Bf8 43. Rb3 Bc5 44. Rxd3+ Ke6 45. Kg2 Ng7 46. Ne3 Ne8 47. Kf3 Bb4 48. Rb3 Bc5 49. Rb5 Ba7 50. Ra5 Bd4 51. Ra6+ Ke7 52. Ke4 Bc5 53. Nd5+ Kd7 54. Nf6+ Nxf6+ 55. Rxf6 Ke7 56. f5 gxf5+ 57. Rxf5 Ke6 58. Rxh5 Bf2 59. Rg5 f5+ 60. exf6 Kxf6 61. Rf5+ 1-0

[Event "AZE-chT"]
[Site "Baku"]
[Date "2000.??.??"]
[Round "?"]
[White "Mamedov, Chingiz"]
[Black "Aliev, Vladislav"]
[Result "1/2-1/2"]
[WhiteElo "2158"]
[BlackElo "2240"]
[PlyCount "89"]
[EventDate "2000.??.??"]
[EventType "team"]
[EventRounds "9"]
[EventCountry "AZE"]
[SourceTitle "EXT 2002"]
[Source "ChessBase"]
[SourceDate "2001.11.25"]
[SourceVersion "1"]
[SourceVersionDate "2001.11.25"]
[SourceQuality "1"]

1. d4 d5 2. Bf4 c6 3. c3 Bf5 4. e3 e6 5. Bd3 Bxd3 6. Qxd3 Bd6 7. Bxd6 Qxd6 8. Nd2 Nf6 9. f4 Nbd7 10. Ngf3 c5 11. Ne5 c4 12. Qc2 b5 13. 0-0 Qb6 14. e4 0-0 15. Kh1 Qb7 16. Rae1 Nxe5 17. fxe5 Nxe4 18. Nxe4 dxe4 19. Rxe4 Qe7 20. Re3 f5 21. exf6 Rxf6 22. Rxf6 Qxf6 23. Qe2 Rf8 24. g3 Qf1+ 25. Qxf1 Rxf1+ 26. Kg2 Rb1 27. Re2 a5 28. Kf3 Kf7 29. Kf4 Kf6 30. a3 g5+ 31. Kg4 b4 32. cxb4 axb4 33. axb4 Rd1 34. Rc2 Rxd4+ 35. Kf3 Ke5 36. Ke2 Kd5 37. Rc3 e5 38. b3 cxb3 39. Rxb3 Kc4 40. Rb1 Kb5 41. Rf1 Rxb4 42. Rf5 Rb2+ 43. Kf3 Rxh2 44. Rxe5+ Ka6 45. Rxg5 1/2-1/2